000 00341cam a2200145 a 4500
020 _a0131816292 (case)
082 0 0 _a514
_bMUN/TO
100 1 _aMunkres, James R.,
245 1 0 _aTopology /
250 _a2nd ed.
260 _aNew Delhi
_bPrentice Hall, Inc.
_cc2000.
300 _axvi, 537 p. :
_bill. ;
650 0 _aTopology.
942 _cBK
999 _c14034
_d14034